000 00575nam a22001937a 4500
999 _c194977
_d194977
005 20230206110941.0
010 _aUR-11865
020 _a9788176505109
_c125.00
035 _aU-10420
037 _bDBAD/PUB
082 _a841
100 _aلدھ یانوی ، ساحر
245 _aگا تا جاۓ بن جارا /
_cساحر لدھیا نوی
246 _aGata Jaye banjara /
_bby Sahir Ludhianvi
260 _aNew Delhi
_bStar Publications
_c2012 ء
270 _e110002
300 _a144 ص
_c22cm(Hb)
942 _2ddc
_cUR
_mل د ھ
_e
_h841